| 000 | 01094nam a2200289 i 4500 | ||
|---|---|---|---|
| 003 | EG-GICUC | ||
| 005 | 20260121101216.0 | ||
| 008 | 251112s1965 ua ||||fr|||| 00| 0 ara d | ||
| 040 |
_a EG-GICUC _bara _c EG-GICUC _d EG-GICUC _erda |
||
| 041 | 0 | _aara | |
| 082 | 0 | 4 |
_221 _a345 _bم ح . ق |
| 092 | 0 | 4 | _221 |
| 099 | _aLaw1 07 345 م ح . ق 1965 | ||
| 100 | 0 |
_aمحمد فؤاد مهنا _eمؤلف. |
|
| 245 | 1 | 2 |
_aالقانون الإداري العربي في ظل النظام الاشتراكي الديموقراطي التعاوني. _nالجزء الثاني / _cمحمد فؤاد مهنا. |
| 250 | _aالطبعة الثانية | ||
| 264 | 1 |
_a[مكان النشر غير محدد] : _bدار المعارف، _c1965. |
|
| 300 |
_a1175 ؛ صفحة _c24 سم |
||
| 336 |
_2rda content _atext |
||
| 337 |
_2rda media _aComputer |
||
| 338 |
_2rda carrier _aOnline Resource |
||
| 546 | _aالنص باللغة العربية | ||
| 650 | 1 | 4 | _aالقانون الإداري |
| 856 | 4 | 0 | _uhttps://fll.law.cu.edu.eg/fulltext/bks/B07-00709.pdf |
| 905 | _a30 | ||
| 942 |
_2ddc _cBK _e21 _n0 |
||
| 999 |
_c42978 _d42978 |
||